<?xml version="1.0" encoding="UTF-8"?>
<collection xmlns:xsi="http://www.w3.org/2001/XMLSchema-instance" xsi:schemaLocation="http://www.loc.gov/MARC21/slim http://www.loc.gov/standards/marcxml/schema/MARC21slim.xsd" xmlns="http://www.loc.gov/MARC21/slim">
 <record>
  <leader>00000cam a22000003i 4500</leader>
  <controlfield tag="001">UP-1685594773861620750</controlfield>
  <controlfield tag="003">Buklod</controlfield>
  <controlfield tag="005">20081002121325.0</controlfield>
  <controlfield tag="006">j|||||||||||||| | </controlfield>
  <controlfield tag="007">ta</controlfield>
  <controlfield tag="008">180206t19941969maua    r    |||1 u|eng d</controlfield>
  <datafield tag="020" ind1=" " ind2=" ">
   <subfield code="a">0817637079 (alk. paper)</subfield>
  </datafield>
  <datafield tag="035" ind1=" " ind2=" ">
   <subfield code="a">(iLib)UPBAG-00004015148</subfield>
  </datafield>
  <datafield tag="040" ind1=" " ind2=" ">
   <subfield code="a">DLC</subfield>
   <subfield code="d">BAG</subfield>
   <subfield code="e">rda</subfield>
  </datafield>
  <datafield tag="041" ind1="0" ind2=" ">
   <subfield code="a">eng</subfield>
  </datafield>
  <datafield tag="090" ind1=" " ind2="0">
   <subfield code="a">QA 303</subfield>
   <subfield code="b">E292 1994</subfield>
  </datafield>
  <datafield tag="100" ind1="1" ind2=" ">
   <subfield code="a">Edwards, Harold M.</subfield>
   <subfield code="e">author.</subfield>
  </datafield>
  <datafield tag="245" ind1="1" ind2="0">
   <subfield code="a">Advanced calculus</subfield>
   <subfield code="b">a differential forms approach</subfield>
   <subfield code="c">Harold M. Edwards.</subfield>
  </datafield>
  <datafield tag="250" ind1=" " ind2=" ">
   <subfield code="a">[Third edition].</subfield>
  </datafield>
  <datafield tag="264" ind1=" " ind2="1">
   <subfield code="a">Boston</subfield>
   <subfield code="b">Birkhäuser</subfield>
   <subfield code="c">1994</subfield>
  </datafield>
  <datafield tag="264" ind1=" " ind2="4">
   <subfield code="a">©1969.</subfield>
  </datafield>
  <datafield tag="300" ind1=" " ind2=" ">
   <subfield code="a">xv, 508 pages</subfield>
   <subfield code="b">illustrations</subfield>
   <subfield code="c">26 cm</subfield>
  </datafield>
  <datafield tag="336" ind1=" " ind2=" ">
   <subfield code="a">text</subfield>
   <subfield code="2">rdacontent</subfield>
  </datafield>
  <datafield tag="337" ind1=" " ind2=" ">
   <subfield code="a">unmediated</subfield>
   <subfield code="2">rdamedia</subfield>
  </datafield>
  <datafield tag="338" ind1=" " ind2=" ">
   <subfield code="a">volume</subfield>
   <subfield code="2">rdacarrier</subfield>
  </datafield>
  <datafield tag="500" ind1=" " ind2=" ">
   <subfield code="a">Includes index.</subfield>
  </datafield>
  <datafield tag="505" ind1="0" ind2=" ">
   <subfield code="a">ch. 1 Constant forms -- 1.1 One-forms -- 1.2 Two-forms -- 1.3 The Evaluation of the two-forms, pullbacks -- 1.4 Three-forms -- 1.5 Summary -- ch. 2 Integrals 2.1 Non-constant forms -- 2.2 Integration -- 2.3 Definition of certain simple integrals, convergence and the cauchy criterion -- 2.4 Integrals and pullbacks -- 2.5 Independence -- 2.6 Summary, Basic properties of integrals ch. 3 Integration and differentiation -- 3.1 The Fundamental theorum of calculus -- 3.2 The Fundamental theorum of two dimensions -- 3.3 The Fundamental theorum of three dimensions -- 3.4 Summary, Stokes theorum -- ch. 4 Linear algebra -- 4.1 Introduction -- 4.2 Constant k-form on n-space -- 4.3 Matrix notation, Jacobians -- 4.4 The Implicit function theorem for Affine maps -- 4.5 Abstract vector spaces -- 4.6 Summary, Affine manifolds -- ch. 5 Differential calculus -- 5.1 The Implicit function theorem for differentiable maps -- 5.2 k-forms on n-space. Differentiable maps -- 5.3 Proofs -- 5.4 Application: Lagrange multipliers -- 5.5 Summary, Differentiable manifolds ch. 6 Integral calculus-- 6.1 Summary -- 6.2 k-dimensional volume -- 6.3 Independence of parameter and the definiton of sine -- 6.4 Manifolds-with-boundary and Stokes' theorem -- 6.5 General properties of integrals -- 6.6 Integrals as functions of S ch. 7 Practical methods of solution -- 7.1 Successive approximation -- 7.2 Solution of linear equations -- 7.3 Newton's method -- 7.4 Solution of ordinary differntial equations -- 7.5 Three global problems -- ch. 8 Applications -- 8.1 Vector calculus -- 8.2 Elementary differential equations-- 8.3 Harmonic functions and conformal coordinates -- 8.4 Functions of a complex variable -- 8.5 Integrability conditions -- 8.6 Introduction to homology theory-- 8.7 Flows-- 8.8 Applications of mathematical physics -- ch. 9 Further study of limits -- 9.1 The Real number system -- 9.2 Real functions of real variables -- 9.3 Uniform continuity and differentiability -- 9.4 Compactness -- 9.5 Other types of limits -- 9.6 Interchange of limits -- 9.7 Lebesgue integration -- 9.8 Banach spaces.</subfield>
  </datafield>
  <datafield tag="534" ind1=" " ind2=" ">
   <subfield code="a">Originally published</subfield>
   <subfield code="c">Boston : Houghton Mifflin Company, ©1969.</subfield>
  </datafield>
  <datafield tag="650" ind1=" " ind2="0">
   <subfield code="a">Calculus.</subfield>
  </datafield>
  <datafield tag="905" ind1=" " ind2=" ">
   <subfield code="a">FO</subfield>
  </datafield>
  <datafield tag="852" ind1="0" ind2=" ">
   <subfield code="a">UPBAG</subfield>
   <subfield code="b">UPBAG-MAIN</subfield>
   <subfield code="h">QA 303 E292 1994</subfield>
  </datafield>
  <datafield tag="942" ind1=" " ind2=" ">
   <subfield code="a">Book</subfield>
  </datafield>
 </record>
</collection>
